000 00718nam a2200205Ia 4500
003 GCL
008 140319s9999 xx 000 0 ara d
040 _aGCL /
_cGCL
082 0 4 _a228
_bع و
100 1 _aعلى محمد توفيق النحاس
245 1 0 _aالوجيز فى احكام تلاوة الكتاب العزيز /
_cعلى محمد توفيق النحاس
700 1 _aعامر محمد عثمان
260 _aالقاهرة :
_bمكتبة الاداب
300 _a51 ص ؛
_c20 سم
490 _aالهيئة العامة للاستعلامات
_v0
650 0 4 _aالقران - الفاظ
650 0 4 _aالقران
650 0 4 _aالقران - اداب التلاوة
942 _2ddc
_cBK
999 _c46989
_d46989